[Event "Klatovy op-B"]
[Site "Klatovy"]
[Date "1997.??.??"]
[Round "?"]
[White "Kuchta, Jiri"]
[Black "Janowiak, K."]
[Result "0-1"]
[WhiteElo "1610"]
[BlackElo "1755"]
[PlyCount "90"]
[EventDate "1997.??.??"]
[EventType "swiss"]
[EventRounds "9"]
[EventCountry "CZE"]
[SourceTitle "EXT 1998"]
[Source "ChessBase"]
[SourceDate "1997.11.17"]
[SourceVersion "1"]
[SourceVersionDate "1997.11.17"]
[SourceQuality "1"]

1. c4 c5 2. Nc3 Nc6 3. Nf3 Nf6 4. d4 cxd4 5. Nxd4 d6 6. e4 g6 7. Nxc6 bxc6 8. Be2 Bg7 9. Be3 0-0 10. Qd2 Qa5 11. 0-0 Re8 12. Rfd1 Nd7 13. Rac1 Ne5 14. h3 Ba6 15. b3 Nd7 16. Na4 Qxd2 17. Rxd2 c5 18. f4 Bb7 19. Nc3 Bxc3 20. Rxc3 Nf6 21. Rc1 Nxe4 22. Rdd1 Nf6 23. Bd3 a5 24. Bc2 a4 25. Ra1 axb3 26. axb3 Rxa1 27. Rxa1 Ra8 28. Rxa8+ Bxa8 29. Bd2 Be4 30. Bd1 Bd3 31. Bc1 Ne4 32. Bb2 e6 33. Ba1 d5 34. cxd5 exd5 35. Bb2 d4 36. Ba3 Nc3 37. Bf3 c4 38. bxc4 Bxc4 39. Bb4 f6 40. Kf2 Kf7 41. Ke1 Ke6 42. Bg4+ f5 43. Bf3 Bd5 44. Bc5 Bxf3 45. Bxd4 Nb5 0-1